000
00304nam a2200133Ia 4500
008
191201s2010 xx 000 0 und d
082
_a
155
_b
BHP
100
_a
BHATIA, RC
245
0
_a
Personality Development
260
_a
N. Delhi
_b
Ane Books
_c
2010
300
_a
251
650
_a
BBA
942
_2
ddc
_c
BK
999
_c
4979
_d
4979